"V štúdiu sa treba k dieťaťu správať ako ku zlatému vajíčku" režisér Peter Rašev sa od detských dabingových hercov učí najmä trpezlivosti a flexibilite

Bibliographic Details
Main Authors: Kiraľvargová, Dáša (Author, Interviewer), Rašev, Peter (Author)
Format: Article
Language:Slovak
PhysicalDescription:Obr.
ISSN:1336-5320
Subjects:

MARC

LEADER 00000nab a2200000 a 4500
001 vtls008627424
003 SK-MaSNL
005 20260303204437.0
008 060302 2006 xo r r 000 0 slo
038 |a KEVKJB 
040 |a KEVKJB  |b slo  |c KEVKJB  |e AACR2 
041 0 |a slo 
044 |a xo  |c SK 
080 |a 778.534.48  |2 UDC-MRF-SK2 
100 1 |a Kiraľvargová, Dáša  |4 ivr  |4 aut  |9 872583 
245 1 0 |a "V štúdiu sa treba k dieťaťu správať ako ku zlatému vajíčku"  |b režisér Peter Rašev sa od detských dabingových hercov učí najmä trpezlivosti a flexibilite  |c Dáša Kiraľvargová, Peter Rašev 
300 |b Obr. 
650 0 7 |a dabing  |2 kevkjb  |9 22095 
651 7 |a Košice (Slovensko)  |2 kevkjb  |9 18694 
700 1 |a Rašev, Peter  |4 ive  |4 aut  |9 735244 
773 0 |t Košický večer  |g Roč. 17(38), č. 8 (24.2.2006), s. 12  |x 1336-5320 
852 |a KEVKJB  |b KIS3GCP 
999 |c 2189993  |d 2191923